| 000 | 00741nam a2200217Ii 4500 | ||
|---|---|---|---|
| 003 | JO-AjNU | ||
| 008 | 230605s9999||||xx |||||||||||||| ||und|| | ||
| 017 | _a200/8/2937 | ||
| 040 |
_aJO-AjNU _bara _erda _cJO-AjNU |
||
| 041 | _aara | ||
| 050 | 1 | 4 | _aHF5548.32.A236.2009 |
| 100 | 3 |
_aتأليف:احمد،محمد سمير, _eauthor _929298 |
|
| 245 | 0 | 0 | _aالتسويق الالكتروني |
| 250 | _aط1 | ||
| 264 | 3 | 1 | _aعمان:دار المسيرة للنشر والتوزيع؛2009 |
| 300 |
_a304ص _bيحتوي على ببلوغرافية من ص293-304ص |
||
| 336 |
_atext _btxt _2rdacontent |
||
| 337 |
_aunmediated _bn _2rdamedia |
||
| 338 |
_avolume _bnc _2rdacarrier |
||
| 650 | 4 |
_aالتسويق الالكتروني _929299 |
|
| 999 |
_aA11472 _c15040 _d15040 |
||